000 00489nam a22001697a 4500
005 20240722134243.0
008 240722b |||||||| |||| 00| 0 eng d
022 _a00382396
041 _aEnglish/Afrikaans
082 _a349 SOU
100 _lEnglish/Afrikaans
245 _aSouth African Law Reports
260 _aCape Town:
_bJuta and Company Ltd,
_c2012
300 _bxlvi, 654 pages;
_c26 cm.
650 _aLegal practice
_bLaw
942 _cBK
_6ALISON_BN_VRIES
999 _c2227
_d2227